| 000 | 00725cam a22002531a 4500 | ||
|---|---|---|---|
| 001 | 8259654 | ||
| 003 | OSt | ||
| 005 | 20230704085819.0 | ||
| 008 | 830325s1923 mau 001 0 eng | ||
| 010 | _a 23012367 | ||
| 035 | _a(OCoLC)9346291 | ||
| 040 |
_aDLC _cMBSuf _dMoSU-L _dDLC |
||
| 042 | _apremarc | ||
| 050 | 0 | 0 |
_aKFM2512 _b.A97 |
| 082 |
_a344.2 _bMEG |
||
| 100 | 1 |
_aArcher, Gleason Leonard, _d1880-1966. |
|
| 245 | 1 | 4 |
_aThe law of real property _cSir Robert Megarry and H.W.R.Wade |
| 260 |
_aBoston, Mass. : _bSuffolk Law School Press, _c10000465 |
||
| 300 |
_a1230p _c24 cm. |
||
| 500 | _aIncludes index. | ||
| 650 | 0 | _aReal property. | |
| 906 |
_a7 _bcbc _coclcrpl _du _encip _f19 _gy-gencatlg |
||
| 942 |
_2ddc _cBK |
||
| 999 |
_c3579 _d3579 |
||